000 03096nam a22004097a 4500
005 20100818111544.0
010 _aENG-100759 B-453813-817 B-462782-786
020 _a8178242680
_c695.00
020 _a97881782472682
_c695.00
035 _aEN-84292 B-453813-817 -B-462782-786
037 _bDBAD/PUB
037 _bRBC/Ven
037 _bAllied Pub/Ven
082 _a954.01
100 _aKabir, Ananya Jahanara
_947895
245 _aTerritory of Desire :
_brepresenting the valley of Kashmir /
_cby Ananya Jahanara Kabir
260 _aRanikhet
_bPermanent Black
_c2009
270 _aHimalayana', Mall Road, Ranikhet Cantt
_bRanikhet
_e263645
300 _axii,263p.
_c22cm (Hb)
_eb&w photos
500 _aIncludes bibliographical references and index
650 _aArt & social conflict
_947896
650 _aValue of Kashmir
_zIndia
_947897
942 _2ddc
_cEN
_h954.01
_mKAB
999 _c42345
_d42345